Irregular Verbs - Statistics

General Stats
  • This quiz has been taken 1,825 times
  • The average score is 53 of 77
Answer Stats
תרגום V1 V2 % Correct
להיות be was
95%
להפוך ל become became
92%
להיות be were
88%
להתחיל begin began
87%
לשבור break broke
82%
לבוא come came
82%
לאכול eat ate
81%
לנשוף blow blew
81%
לדמם bleed bled
80%
לחתוך cut cut
80%
לעשות do did
80%
לקנות buy bought
78%
לשתות drink drank
78%
לבחור choose chose
77%
להעלות (במחיר) cost cost
77%
לצייר draw drew
77%
לנהוג drive drove
77%
לתת give gave
77%
להשיג get got
77%
לבנות build built
76%
ללכת go went
76%
ליפול fall fell
75%
לשכוח forget forgot
75%
להאכיל feed fed
74%
לסלוח forgive forgave
73%
לגדול grow grew
72%
יש have had
72%
לשמור keep kept
72%
לדעת know knew
72%
להביא bring brought
71%
להרגיש feel felt
71%
לפגוש meet met
71%
לרוץ run ran
71%
למצוא find found
70%
להכות hit hit
70%
לעשות make made
70%
לשים put put
70%
להלחם fight fought
69%
לתת let let
69%
לעוף fly flew
68%
להסתיר hide hid
67%
לפגוע hurt hurt
67%
להפסיד lose lost
67%
לקרוא read read
67%
לרכוב ride rode
67%
לשחות swim swam
67%
לשיר sing sang
66%
לשבת sit sat
66%
לראות see saw
66%
לעזוב leave left
65%
לישון sleep slept
65%
לתפוס catch caught
64%
לצלצל ring rang
64%
לדבר speak spoke
64%
לנצח win won
64%
לשמוע hear heard
63%
לומר say said
63%
לשלוח send sent
63%
לזרוח rise rose
62%
לקחת take took
62%
לשלם pay paid
61%
להבין understand understood
61%
להתעורר wake woke
61%
לכתוב write wrote
61%
להתכוון mean meant
60%
לסגור shut shut
60%
לומר tell told
60%
לבזבז spend spent
59%
למכור sell sold
58%
לעמוד stand stood
57%
לחשוב think thought
57%
לזרוק throw threw
57%
לגנוב steal stole
56%
ללבוש wear wore
54%
להציג show showed
51%
ללמד teach taught
51%
לקרוע tear tore
48%
No matching quizzes found
Score Distribution
Percent of People with Each Score
Percentile by Number Answered
Your Score History
You have not taken this quiz